|
|
|
|
| LEADER |
00000naa a2200000uu 4500 |
| 001 |
vtls011068994 |
| 003 |
SK-MaSNL |
| 005 |
20260302135043.0 |
| 008 |
210908|2009 xo |||||||||||||||||slo| |
| 015 |
|
|
|a SNBRA
|
| 035 |
|
|
|a (urnnbn)urn:nbn:sk:snk:ar-a0c8ym
|
| 035 |
|
|
|a (uuid)aa6009ff-c1b4-4b6b-8d69-9cb6bd494240
|
| 035 |
|
|
|a urn:nbn:sk:snk-aavfay
|
| 040 |
|
|
|a SNKBUCL
|b slo
|c SNKBUCL
|e AACR2
|
| 041 |
0 |
|
|a slo
|
| 044 |
|
|
|a xo
|c SK
|
| 100 |
1 |
|
|a Peregrinová, A.
|4 aut
|9 823125
|
| 245 |
1 |
0 |
|a SYNTÉZA A SEPARÁCIA STRIEBORNÝCH NANOČASTÍC POKRYTÝCH GLUTATIÓNOM
|c A. Peregrinová, M. Antalík
|
| 700 |
1 |
|
|a Antalík, Marián,
|d 1952-
|4 aut
|9 39694
|
| 773 |
0 |
|
|t Vedecké práce doktorandov 2009
|d Košice : Ústav fyziológie hospodárskych zvierat SAV, 2009, 2009
|g S. 87-89
|z 9788096861842
|
| 958 |
|
|
|a OND
|
| 958 |
|
|
|a article12
|
| 958 |
|
|
|a chapter
|
| 999 |
|
|
|c 1325702
|d 1327632
|